Historical Figures as Video Game Characters #4 - Statistics

General Stats
  • This quiz has been taken 31 times
  • The average score is 12 of 20
Answer Stats
Picture Answer % Correct
Elvis Presley
100%
Charlie Chaplin
93%
Marie Curie
87%
Kim Jong Il
83%
Ozzy Osbourne
83%
Boris Johnson
80%
Vladimir Lenin
77%
Bruce Lee
73%
Whoopi Goldberg
73%
Jane Goodall
70%
Douglas MacArthur
57%
Malcolm X
53%
Horatio Nelson
50%
Nefertiti
50%
Benito Mussolini
47%
Karl Lagerfeld
37%
Liam Gallagher
37%
Paul Hogan
33%
Neville Chamberlain
27%
George A. Romero
10%
No matching quizzes found
Score Distribution
Percent of People with Each Score
Percentile by Number Answered
Your Score History
You have not taken this quiz